000 00747nam a2200217Ia 4500
001 12645
003 GE_BSU
008 181216s||||||||xx |||||||||||||| ||und||
020 _a5100004118
040 _cGE_BSU
080 _a634.1/7(075.32)
100 _aЯкушев,В.И. Шевченко,В.В. Кочеткова,В.А. и др.
245 _aПлодовые,ягодные культуры и технология их возделывания
260 _aМосква
260 _bАгропромиздат
260 _c1988
300 _a542стр.илл.
300 _cБиблиогр.с.540
653 _aПлодовые,ягодные культуры и технология их возделывания
942 _cBK
999 _c45816
_d45816